|
|
|
|
| LEADER |
00000nam a2200000 a 4500 |
| 001 |
vtls001333039 |
| 003 |
SK-MaSNL |
| 005 |
20260302033433.0 |
| 008 |
251112s1845 at ger |
| 020 |
|
|
|c 500,00
|
| 035 |
|
|
|a SNK000285954
|
| 035 |
|
|
|a urn:nbn:sk:snk-amll1v
|
| 035 |
|
|
|a urn:nbn:sk:snk-am00bpve
|
| 035 |
|
|
|a 03640FF7-AB5F-4525-8FE6-887270A0D400
|
| 040 |
|
|
|a SNK
|b slo
|c SNK
|e AACR2
|
| 041 |
|
|
|a ger
|
| 044 |
|
|
|a rm
|c RO
|
| 072 |
|
7 |
|a 321
|x Politológia
|2 konspekt
|
| 080 |
|
|
|a 321.01
|2 2001
|
| 080 |
|
|
|a (439)
|2 2001
|
| 100 |
1 |
|
|a Čaplovič, Ján,
|d 1780-1847
|4 aut
|9 126193
|
| 245 |
1 |
0 |
|a Paradoxen über das Staats- und Volksleben, mit vorzüglicher Beziehung auf Ungarn
|c Ján Čaplovič
|
| 246 |
1 |
|
|i Súčasť zbierky:
|a Knižnica Martina Hamuliaka
|
| 260 |
|
|
|a Hermannstadt
|b druck und verlag der M.v.Hochmeister´schen BUCHHANDLUNG
|c 1845
|
| 300 |
|
|
|a [6] ,222 s. , [1]
|c 18 cm
|
| 500 |
|
|
|a D1 bez tit. strany popis podľa Riznera
|
| 508 |
|
|
|a Predslov autora
|
| 561 |
|
|
|a Okrúhla pečiatka: Nyitra Vármegyei Muzeum 1900 .
|5 SNK SD 11
|
| 561 |
|
|
|a Okrúhla pečiatka: Dar Martina Hamuljaka Matici slovenskej .
|5 SNK SD 11
|
| 561 |
|
|
|a Okrúhla pečiatka: Knižnica Matice slovenskej.
|5 SNK SD 11
|
| 600 |
1 |
|
|a Čaplovič, Ján,
|d 1780-1847
|9 126193
|
| 650 |
0 |
7 |
|a štát
|2 SNKPH
|9 4689
|
| 651 |
|
7 |
|a Uhorsko
|2 SNKPH
|9 28673
|
| 700 |
1 |
|
|a Hochmeister, Martin
|c Sibiu
|4 prt
|9 683654
|
| 700 |
1 |
|
|a Hamuljak, Martin,
|d 1789-1859
|4 own
|9 79936
|
| 752 |
|
|
|a Rumunsko
|d Sibiu
|
| 852 |
|
|
|a snk
|b Historické fondy
|p SD 11
|
| 958 |
|
|
|a ONDV
|
| 999 |
|
|
|c 1061721
|d 1063651
|
| 952 |
|
|
|t Ham 546
|a SNK
|b SNK
|y PREZ
|7 0
|p 17A1126960
|o snkSD 11
|i snk2014/27171
|8 5
|0 0
|1 0
|4 0
|d 2014-12-08
|f 1
|l 0
|r 2026-02-24 15:28:31
|w 2026-02-24
|
| 952 |
|
|
|a SNK
|b SNK
|y PREZ
|7 0
|p 17A0141687
|o snkSD 11 D1
|i snkK 962/98
|8 3
|z Rok: 1845
|0 0
|1 0
|4 0
|d 1998-06-02
|l 0
|r 2005-01-02 00:00:00
|w 2026-02-24
|